000 00514pab a2200181 454500
008 180718b2005 xxu||||| |||| 00| 0 eng d
100 _aDeekming, Christopher
245 _aMinimum income standards: how might budget standards be set for the UK?
260 _c2005
300 _ap.619-36.
362 _aOct
650 _aIncome - Great Britain
650 _aWages - Great Britain
650 _aMinimum wage - Great Britain
650 _aMinimum wage
773 _aJournal of Social Policy
909 _a68600
999 _c68600
_d68600